000 00941nam2a2200205 4500
001 RU\NLR\PER_A\002942690_002090
005 20250626134129.0
035 _a(NLR Aleph) 011814169
090 _a11931292
_c11931292
100 _a20181008d2018 |||y0rusy50 ca
101 0 _arus
102 _aRU
200 0 _a2018, № 5 (138)
210 _d2018
_aБ. м.
461 0 _1001RU\NLR\Per\694896
_12001#$aТехНадзор$eинформационно-консультативное издание по промышленной и экологической безопасности$v2018, № 5 (138)
_93814170
_cЕкатеринбург
_d2008 -
_n[б. и.]
_oинформационно-консультативное издание по промышленной и экологической безопасности
_tТехНадзор
_v2018, № 5 (138)
852 _aNLR
_jП11/5673
942 _cISSUE
980 _aNB
980 _aRUSPER